[Event "Florence op 6th"]
[Site "Florence"]
[Date "2012.11.03"]
[Round "5"]
[White "Bini, Lorenzo"]
[Black "Donzellotti, Giuseppe"]
[Result "1-0"]
[WhiteElo "1941"]
[BlackElo "1511"]
[PlyCount "97"]
[EventDate "2012.11.01"]
[EventType "swiss"]
[EventRounds "7"]
[EventCountry "ITA"]
[SourceTitle "EXT 2014"]
[Source "ChessBase"]
[SourceDate "2013.11.20"]
[SourceVersion "1"]
[SourceVersionDate "2013.11.20"]
[SourceQuality "1"]

1. f4 d5 2. e3 Nf6 3. b3 c5 4. Bb2 Nc6 5. Nf3 Bg4 6. Be2 g6 7. 0-0 Bg7 8. d3 0-0 9. Nbd2 Nd7 10. c3 Re8 11. h3 Bxf3 12. Bxf3 Nb6 13. d4 cxd4 14. exd4 f6 15. a4 a5 16. Be2 f5 17. Nf3 Qd6 18. Qd2 Nd7 19. Ba3 Qc7 20. Ne5 Nf6 21. Bb5 Ne4 22. Qd3 Nd6 23. Rac1 Nxb5 24. axb5 Nxe5 25. fxe5 Qb6 26. Bc5 Qc7 27. b6 Qc6 28. Qe2 e6 29. c4 Bf8 30. Bxf8 Kxf8 31. c5 a4 32. b4 Rec8 33. b5 Qd7 34. g4 Ra5 35. gxf5 gxf5 36. Rb1 a3 37. Rb3 a2 38. Ra1 Rca8 39. Rg3 Rxb5 40. Qg2 Rb1+ 41. Kh2 Qf7 42. Rxa2 Rxa2 43. Qxa2 Rb4 44. Qa8+ Ke7 45. Qxb7+ Kf8 46. Qc8+ Ke7 47. Qc7+ Kf8 48. Qd8+ Qe8 49. Rg8+ 1-0

[Event "Florence op 6th"]
[Site "Florence"]
[Date "2012.11.02"]
[Round "3"]
[White "Donzellotti, Giuseppe"]
[Black "Burgassi, Daniele"]
[Result "1/2-1/2"]
[WhiteElo "1511"]
[BlackElo "1802"]
[PlyCount "53"]
[EventDate "2012.11.01"]
[EventType "swiss"]
[EventRounds "7"]
[EventCountry "ITA"]
[SourceTitle "EXT 2014"]
[Source "ChessBase"]
[SourceDate "2013.11.20"]
[SourceVersion "1"]
[SourceVersionDate "2013.11.20"]
[SourceQuality "1"]

1. e4 c5 2. Nf3 Nc6 3. Bb5 g6 4. c3 Bg7 5. 0-0 e6 6. d4 cxd4 7. cxd4 Qb6 8. Bxc6 bxc6 9. b3 Nf6 10. Re1 0-0 11. Nbd2 Ba6 12. Ba3 Rfc8 13. Nc4 Bxc4 14. bxc4 Qa6 15. Qd3 d5 16. e5 dxc4 17. Qc3 Nd5 18. Qc1 Rab8 19. Bd6 Rb7 20. Nd2 c3 21. Ne4 Qc4 22. Rb1 Rxb1 23. Qxb1 Qb5 24. Qc2 Qa5 25. Rb1 Bf8 26. Bxf8 Kxf8 27. Rb3 1/2-1/2

[Event "SA-2012-0-00303"]
[Site "LSS email"]
[Date "2012.10.04"]
[Round "?"]
[White "Donzellotti, Giuseppe"]
[Black "Dlugolecki, Grzegorz"]
[Result "1-0"]
[WhiteElo "2071"]
[BlackElo "1637"]
[PlyCount "55"]
[EventDate "2012.09.19"]
[EventType "tourn (corr)"]
[EventRounds "6"]
[EventCountry "GER"]
[SourceTitle "Telechess CBM 159"]
[Source "ChessBase"]
[SourceDate "2014.03.17"]
[SourceVersion "1"]
[SourceVersionDate "2014.03.17"]
[SourceQuality "1"]

1. Nc3 g6 2. h4 d5 3. h5 d4 4. hxg6 fxg6 5. Ne4 Nf6 6. Nxf6+ exf6 7. Nf3 Nc6 8. c3 Be6 9. Qa4 d3 10. Nd4 Qd7 11. Nxe6 Qxe6 12. Qb3 Qxb3 13. axb3 0-0-0 14. exd3 Re8+ 15. Kd1 h5 16. d4 Kb8 17. Bb5 Bd6 18. d5 Re5 19. Bxc6 bxc6 20. dxc6 Rf5 21. Rh4 Rxf2 22. Rha4 Bc5 23. b4 Bb6 24. c4 Re8 25. c5 Rf1+ 26. Kc2 Re5 27. cxb6 Re4 28. d3 1-0

[Event "SA-2012-0-00271"]
[Site "LSS email"]
[Date "2012.06.11"]
[Round "?"]
[White "Avellan, Gerardo"]
[Black "Donzellotti, Giuseppe"]
[Result "1/2-1/2"]
[WhiteElo "2079"]
[BlackElo "2072"]
[PlyCount "55"]
[EventDate "2012.05.27"]
[EventType "tourn (corr)"]
[EventRounds "6"]
[EventCountry "GER"]
[SourceTitle "Telechess CBM 159"]
[Source "ChessBase"]
[SourceDate "2014.03.17"]
[SourceVersion "1"]
[SourceVersionDate "2014.03.17"]
[SourceQuality "1"]

1. d4 d5 2. c4 Nc6 3. cxd5 Qxd5 4. Nf3 e5 5. Nc3 Bb4 6. dxe5 Qxd1+ 7. Kxd1 Bg4 8. h3 Bxf3 9. exf3 Nxe5 10. Kc2 0-0-0 11. Be3 a6 12. f4 Nc6 13. Rd1 Rxd1 14. Nxd1 Nge7 15. Bc4 f6 16. a3 Ba5 17. Nc3 Rd8 18. b4 Bb6 19. Rd1 Rxd1 20. Kxd1 Nd4 21. Kd2 Kd7 22. Na4 Ba7 23. Kd3 Nef5 24. g4 Nxe3 25. fxe3 Nb5 26. Bxb5+ axb5 27. Nc3 c6 28. Ne4 1/2-1/2

[Event "SA-2012-0-00271"]
[Site "LSS email"]
[Date "2012.06.11"]
[Round "?"]
[White "Donzellotti, Giuseppe"]
[Black "Kolanek, Roman"]
[Result "1/2-1/2"]
[WhiteElo "2072"]
[BlackElo "2042"]
[PlyCount "62"]
[EventDate "2012.05.27"]
[EventType "tourn (corr)"]
[EventRounds "6"]
[EventCountry "GER"]
[SourceTitle "Telechess CBM 159"]
[Source "ChessBase"]
[SourceDate "2014.03.17"]
[SourceVersion "1"]
[SourceVersionDate "2014.03.17"]
[SourceQuality "1"]

1. f4 d5 2. Nf3 Nf6 3. e3 c5 4. b3 g6 5. Bb2 Bg7 6. Bb5+ Bd7 7. a4 0-0 8. 0-0 Be6 9. Be2 Nc6 10. Bb5 Nb4 11. c3 Nc6 12. d4 cxd4 13. cxd4 Rc8 14. Nc3 Na5 15. b4 Nc4 16. Bxc4 Rxc4 17. Ne5 Rc8 18. Qe2 Qb6 19. Rfc1 Qxb4 20. Ba3 Qa5 21. Qb5 Qxb5 22. Nxb5 Rxc1+ 23. Rxc1 a6 24. Nc7 Rc8 25. h3 a5 26. Kh2 Ne4 27. Bxe7 f6 28. Ba3 fxe5 29. Nxe6 Rxc1 30. Bxc1 exd4 31. exd4 Nd6 1/2-1/2

[Event "SA-2012-0-00271"]
[Site "LSS email"]
[Date "2012.06.08"]
[Round "?"]
[White "Markoja, Johann"]
[Black "Donzellotti, Giuseppe"]
[Result "0-1"]
[WhiteElo "1963"]
[BlackElo "2072"]
[PlyCount "114"]
[EventDate "2012.05.27"]
[EventType "tourn (corr)"]
[EventRounds "6"]
[EventCountry "GER"]
[SourceTitle "Telechess CBM 159"]
[Source "ChessBase"]
[SourceDate "2014.03.17"]
[SourceVersion "1"]
[SourceVersionDate "2014.03.17"]
[SourceQuality "1"]

1. d4 Nf6 2. c4 e6 3. Nc3 Bb4 4. e3 0-0 5. Nf3 d5 6. Bd3 c5 7. 0-0 Nc6 8. a3 Bxc3 9. bxc3 dxc4 10. Bxc4 Qc7 11. Bb2 e5 12. h3 Bf5 13. Qe2 Rfe8 14. Rad1 a6 15. Ba2 e4 16. Nd2 Rad8 17. Rfe1 b5 18. Ra1 c4 19. a4 Ne7 20. Rec1 Ned5 21. Bb1 h6 22. Ba3 Ra8 23. Nf1 Bg6 24. axb5 axb5 25. Qe1 Ra7 26. Bd6 Qd7 27. Rxa7 Qxa7 28. Rc2 Ra8 29. Qc1 Qb6 30. Bc5 Qc6 31. Ng3 Nd7 32. Ba3 N7b6 33. Ne2 Na4 34. Kh2 Qa6 35. Ra2 f5 36. Ra1 Qb6 37. Bb2 Ra5 38. Ba3 Qb8+ 39. Kg1 Qa8 40. Qd2 Bh5 41. Bb4 Bxe2 42. Bxa5 Qxa5 43. Qxe2 Qxc3 44. Ra2 Qc1+ 45. Qf1 Qxf1+ 46. Kxf1 Ndc3 47. Ra1 b4 48. Ke1 b3 49. Kd2 Kf8 50. Ke1 b2 51. Rxa4 Nxb1 52. Rxc4 Na3 53. Rc8+ Ke7 54. Rb8 b1Q+ 55. Rxb1 Nxb1 56. Kd1 Nc3+ 57. Kd2 Nd5 0-1

[Event "SA-2012-0-00258"]
[Site "LSS email"]
[Date "2012.04.13"]
[Round "?"]
[White "Silva Filho, Alcindo Luz Bastos"]
[Black "Donzellotti, Giuseppe"]
[Result "1/2-1/2"]
[WhiteElo "2047"]
[BlackElo "2077"]
[PlyCount "65"]
[EventDate "2012.03.30"]
[EventType "tourn (corr)"]
[EventRounds "6"]
[EventCountry "GER"]
[SourceTitle "Telechess CBM 161"]
[Source "ChessBase"]
[SourceDate "2014.07.16"]
[SourceVersion "1"]
[SourceVersionDate "2014.07.16"]
[SourceQuality "1"]

1. e4 e5 2. Nf3 Nc6 3. Bb5 a6 4. Ba4 Nf6 5. 0-0 b5 6. Bb3 Bb7 7. d3 Be7 8. a4 0-0 9. Re1 d6 10. Bd2 b4 11. Bg5 Na5 12. Ba2 h6 13. Bh4 c5 14. Nbd2 Nd7 15. Bxe7 Qxe7 16. Nf1 Nb6 17. N3d2 Rad8 18. Ne3 Bc8 19. Qf3 Qg5 20. Qe2 Qg6 21. c3 Be6 22. cxb4 cxb4 23. d4 Bxa2 24. Qxa6 Nb3 25. Nxb3 Bxb3 26. Qxb6 Rb8 27. Qa6 Qxe4 28. dxe5 Qxe5 29. Qe2 Ra8 30. Qd2 Rfc8 31. h3 Rxa4 32. Rxa4 Bxa4 33. Qxb4 1/2-1/2